| 000 | 00429nam a22001457a 4500 | ||
|---|---|---|---|
| 020 | _a9812530428 | ||
| 040 | _cNust | ||
| 082 |
_a005.73 _bGOO |
||
| 100 |
_aMichael T. Goodrich _92926 |
||
| 110 |
_aRoberto Tamassia, David Mount _9124382 |
||
| 245 | _aData Structures and Algorithms in C ++ | ||
| 260 |
_aSingapore: _bJohn Wiley & Sons Inc, _c2004. |
||
| 650 |
_aData Structures and Algorithms in C ++ _9124383 |
||
| 942 |
_2ddc _cBK |
||
| 999 |
_c610260 _d610260 |
||